Bases y puntos de partida para la organización política de la republica argentina /

Guardado en:
Autor Principal: Alberdi, Juan Bautista
Otros Autores: Cruz, Francisco, trad.
Formato: Libro
Publicado: Buenos Aires : L.j.rosso, 1928
Series:La cultura argentina
Materias:
Etiquetas: Agregar Etiqueta
Sin Etiquetas, Sea el primero en etiquetar este registro!
LEADER 00667nam a22001935a 4500
001 CEM.cems000358
005 20061027153909.0
008 130507s1928##################000#0#####d
003 CEMS
082 0 4 |a 320 
100 1 |a Alberdi, Juan Bautista 
245 1 0 |a Bases y puntos de partida para la organización política de la republica argentina /  |c Textos Revisados y Con Una Advertencia Por Francisco Cruz 
260 |a Buenos Aires :  |b L.j.rosso,  |c 1928 
300 |a 319 p. 
490 0 |a La cultura argentina 
653 |a Ciencias políticas 
653 |a Política argentina 
700 1 |a Cruz, Francisco, trad. 
859 |a CEMS  |b BIB. CEMS - 11 de abril  |h 320  |i AL14-3  |p 13742.85  |t Ej.1